[Event "Titled Tuesday intern op 16th Apr Late"]
[Site "Chess.com INT"]
[Date "2024.04.16"]
[Round "3"]
[White "Bykov, Egor"]
[Black "Yedidia, Jonathan"]
[Result "1-0"]
[WhiteElo "2424"]
[BlackElo "2361"]
[PlyCount "109"]
[EventDate "2024.04.16"]
[EventType "swiss (blitz)"]
[EventRounds "11"]
[EventCountry "USA"]
[SourceTitle "CB17_2024"]
[SourceDate "2024.04.24"]
[SourceVersion "1"]
[SourceVersionDate "2024.04.24"]
[SourceQuality "1"]

1. d4 d6 2. Nf3 Nf6 3. c4 g6 4. Nc3 Bg7 5. e4 0-0 6. Be2 e5 7. Be3 exd4 8. Nxd4 Re8 9. f3 c6 10. Bf2 d5 11. exd5 cxd5 12. 0-0 Nc6 13. c5 Bf8 14. Nb3 a6 15. Re1 Nh5 16. Bf1 Be6 17. Qd2 Qf6 18. Nxd5 Bxd5 19. Qxd5 Qxb2 20. Rab1 Qf6 21. Qd7 Ne5 22. Qxb7 Nf4 23. Re3 Rab8 24. Qxa6 Qxa6 25. Bxa6 Bxc5 26. Re4 Bxf2+ 27. Kxf2 g5 28. Nd2 Rbd8 29. Nf1 f5 30. Re3 Ned3+ 31. Bxd3 Nxd3+ 32. Kg1 f4 33. Rxe8+ Rxe8 34. a4 Ra8 35. Ra1 Nb2 36. a5 Nc4 37. a6 Nd6 38. Nd2 Nb5 39. Ne4 h6 40. Nf6+ Kf7 41. Nd5 Ke6 42. Ra5 Kxd5 43. Rxb5+ Kc6 44. Ra5 Kb6 45. Ra2 Rxa6 46. Rxa6+ Kxa6 47. h4 Kb5 48. hxg5 hxg5 49. Kh2 Kc4 50. Kh3 Kd4 51. Kg4 Ke3 52. Kxg5 Kf2 53. Kxf4 Kxg2 54. Kg4 Kf2 55. f4 1-0

[Event "Titled Tuesday intern op 02nd Apr Late"]
[Site "Chess.com INT"]
[Date "2024.04.02"]
[Round "10"]
[White "Balla, Tamas Kristof"]
[Black "Yedidia, Jonathan"]
[Result "0-1"]
[WhiteElo "2291"]
[BlackElo "2361"]
[PlyCount "56"]
[EventDate "2024.04.02"]
[EventType "swiss (blitz)"]
[EventRounds "11"]
[EventCountry "USA"]
[SourceTitle "CB15_2024"]
[SourceDate "2024.04.10"]
[SourceVersion "1"]
[SourceVersionDate "2024.04.10"]
[SourceQuality "1"]

1. Nf3 d6 2. b3 e5 3. e4 Nf6 4. Nc3 Be7 5. Bb2 0-0 6. d4 Nbd7 7. Bc4 c6 8. a4 h6 9. 0-0 Re8 10. Qe2 a5 11. Rad1 Qc7 12. dxe5 dxe5 13. h3 Bb4 14. Nb1 b6 15. Nh2 Nf8 16. Kh1 Ng6 17. Nd2 Nf4 18. Qe3 Bc5 19. Qe1 Bd7 20. Ndf3 Re7 21. Qd2 Rae8 22. Nxe5 Nxh3 23. Nxd7 Rxd7 24. Qe2 Rxd1 25. Rxd1 Nxf2+ 26. Kg1 Nxd1+ 27. Kf1 Nxb2 28. Bd3 Qxh2 0-1

[Event "Titled Tuesday intern op 02nd Apr Late"]
[Site "Chess.com INT"]
[Date "2024.04.02"]
[Round "1"]
[White "Gubajdullin, Alexey"]
[Black "Yedidia, Jonathan"]
[Result "1-0"]
[WhiteElo "2229"]
[BlackElo "2361"]
[PlyCount "77"]
[EventDate "2024.04.02"]
[EventType "swiss (blitz)"]
[EventRounds "11"]
[EventCountry "USA"]
[SourceTitle "CB15_2024"]
[SourceDate "2024.04.10"]
[SourceVersion "1"]
[SourceVersionDate "2024.04.10"]
[SourceQuality "1"]

1. Nf3 d6 2. g3 e5 3. Bg2 Nf6 4. 0-0 g6 5. c4 Bg7 6. Nc3 0-0 7. d3 c6 8. Bg5 h6 9. Bxf6 Qxf6 10. Nd2 Qd8 11. Rb1 Re8 12. b4 Be6 13. b5 d5 14. bxc6 bxc6 15. Qa4 e4 16. cxd5 cxd5 17. Ncxe4 dxe4 18. Bxe4 Bd7 19. Qc4 Nc6 20. Bd5 Ne5 21. Qa6 Rc8 22. Nc4 Nxc4 23. dxc4 Rxe2 24. Qxg6 Be6 25. Qd3 Rxa2 26. Rb7 Bxd5 27. cxd5 Rcc2 28. Qb3 Rab2 29. Qa4 Rxb7 30. Qxc2 Qxd5 31. Rd1 Qf3 32. Rd3 Qg4 33. Rd8+ Bf8 34. Kg2 Re7 35. f3 Qe6 36. Qc3 Qe2+ 37. Kh3 Qf1+ 38. Kh4 Kh7 39. Rxf8 1-0

[Event "Titled Tuesday intern op 13th Feb Late"]
[Site "Chess.com INT"]
[Date "2024.02.13"]
[Round "1"]
[White "Kacprzak, Karol1"]
[Black "Yedidia, Jonathan"]
[Result "1-0"]
[WhiteElo "2322"]
[BlackElo "2361"]
[PlyCount "87"]
[EventDate "2024.02.13"]
[EventType "swiss (blitz)"]
[EventRounds "11"]
[EventCountry "USA"]
[SourceTitle "CB08_2024"]
[SourceDate "2024.02.21"]
[SourceVersion "1"]
[SourceVersionDate "2024.02.21"]
[SourceQuality "1"]

1. e4 e5 2. Nf3 Nc6 3. Bb5 a6 4. Ba4 Nf6 5. 0-0 d6 6. Re1 Bd7 7. c3 g6 8. d4 Bg7 9. dxe5 Nxe5 10. Nxe5 dxe5 11. Nd2 0-0 12. Nf1 Be6 13. Qe2 Nd7 14. Be3 Qe7 15. Rad1 Rad8 16. Bb3 Rfe8 17. Bd5 c6 18. Bxe6 Qxe6 19. b3 b5 20. h3 Bf8 21. Nh2 a5 22. Nf3 Nc5 23. Bg5 f6 24. Bc1 a4 25. b4 Nd7 26. Be3 Rb8 27. Qc2 Nb6 28. Bxb6 Rxb6 29. a3 Rb7 30. Rd3 Qb3 31. Qxb3+ axb3 32. Rb1 Ra7 33. Rxb3 Rea8 34. Rb1 Rxa3 35. Kf1 R8a7 36. Ke2 Kf7 37. Rbd1 Ke6 38. Rd8 Be7 39. R8d3 Rb3 40. Nd2 Rb2 41. h4 Raa2 42. g3 Bf8 43. f3 Bh6 44. Ke1 1-0

[Event "Titled Tuesday intern op 06th Feb Early"]
[Site "Chess.com INT"]
[Date "2024.02.06"]
[Round "2"]
[White "Badelka, Olga"]
[Black "Yedidia, Jonathan"]
[Result "0-1"]
[WhiteElo "2377"]
[BlackElo "2361"]
[PlyCount "86"]
[EventDate "2024.02.06"]
[EventType "swiss (blitz)"]
[EventRounds "11"]
[EventCountry "USA"]
[SourceTitle "CB07_2024"]
[SourceDate "2024.02.14"]
[SourceVersion "1"]
[SourceVersionDate "2024.02.14"]
[SourceQuality "1"]

1. e4 e5 2. g3 Nf6 3. Bg2 Nc6 4. d3 g6 5. f4 d6 6. Nf3 Bg7 7. 0-0 0-0 8. c3 h6 9. Kh1 Re8 10. Be3 d5 11. fxe5 Ng4 12. Bg1 dxe4 13. dxe4 Qxd1 14. Rxd1 Ncxe5 15. Nxe5 Nxe5 16. Na3 Bg4 17. Rf1 c6 18. h3 Be6 19. Rfd1 b6 20. Nc2 Rad8 21. Nd4 Bc8 22. Kh2 Bb7 23. b3 a6 24. Rac1 c5 25. Ne2 Nd3 26. Rc2 Bxe4 27. Bxe4 Rxe4 28. Rcd2 Rde8 29. Rxd3 Rxe2+ 30. Kh1 Rxa2 31. Rd8 Rxd8 32. Rxd8+ Kh7 33. Rb8 Bxc3 34. Rxb6 Bd4 35. Bxd4 cxd4 36. Rd6 Rd2 37. Rxa6 Rd3 38. Kg2 Rxb3 39. Rd6 Rd3 40. h4 Kg7 41. Kh3 h5 42. Kg2 Kf8 43. Kh3 Ke7 0-1

[Event "Titled Tuesday intern op 16th Jan Late"]
[Site "Chess.com INT"]
[Date "2024.01.16"]
[Round "5"]
[White "Yedidia, Jonathan"]
[Black "Urbina Perez, Juan Antonio"]
[Result "0-1"]
[WhiteElo "2360"]
[BlackElo "2266"]
[PlyCount "62"]
[EventDate "2024.01.16"]
[EventType "swiss (blitz)"]
[EventRounds "11"]
[EventCountry "USA"]
[SourceTitle "CB04_2024"]
[SourceDate "2023.10.16"]
[SourceVersion "1"]
[SourceVersionDate "2023.10.16"]
[SourceQuality "1"]

1. d4 Nf6 2. c4 e6 3. Nc3 Bb4 4. Qc2 0-0 5. e4 d5 6. e5 Ne4 7. Bd3 Bxc3+ 8. bxc3 f5 9. exf6 Nxf6 10. Bg5 h6 11. Bh4 c5 12. Nf3 cxd4 13. cxd4 Qa5+ 14. Nd2 Nc6 15. Qb2 dxc4 16. Bxc4 Ne4 17. Rd1 Qh5 18. Nxe4 Qxh4 19. Ng3 Kh8 20. 0-0 e5 21. Bd5 Nxd4 22. Rfe1 Bg4 23. f3 Be6 24. Bxe6 Nxe6 25. Qxe5 Rae8 26. Rd7 Qg5 27. Qc3 Nf4 28. Rxe8 Rxe8 29. Qb2 Qc5+ 30. Kf1 Qc4+ 31. Kf2 Nd3+ 0-1

[Event "Titled Tuesday intern op 26th Sep Late"]
[Site "Chess.com INT"]
[Date "2023.09.26"]
[Round "6"]
[White "Yedidia, Jonathan"]
[Black "Novikova, Margarita"]
[Result "1/2-1/2"]
[WhiteElo "2360"]
[BlackElo "1995"]
[PlyCount "99"]
[EventDate "2023.09.26"]
[EventType "swiss (blitz)"]
[EventRounds "11"]
[EventCountry "USA"]
[SourceTitle "EXT 2024"]
[Source "ChessBase"]
[SourceDate "2023.10.10"]
[SourceVersion "1"]
[SourceVersionDate "2023.10.10"]
[SourceQuality "1"]

1. d4 g6 2. c4 Bg7 3. Nc3 d6 4. Nf3 Bg4 5. Bg5 h6 6. Bh4 c6 7. e3 Nf6 8. h3 Bxf3 9. Qxf3 0-0 10. Bd3 Qa5 11. 0-0 Nbd7 12. Qe2 e5 13. Bg3 Rfe8 14. dxe5 dxe5 15. Qc2 Nc5 16. Be2 Rad8 17. a3 Qc7 18. b4 Ncd7 19. Rad1 Nf8 20. c5 Qe7 21. Bc4 a6 22. Ne4 Nxe4 23. Qxe4 Kh7 24. h4 f5 25. Qc2 h5 26. f4 e4 27. Bf2 Bf6 28. g3 Rxd1 29. Rxd1 Rd8 30. Be1 Rd7 31. Rxd7 Nxd7 32. Bb3 Bg7 33. Qc4 Nf6 34. Bc3 Qd8 35. Bd4 Nd5 36. Bxg7 Kxg7 37. Qd4+ Kh7 38. Bxd5 cxd5 39. a4 Qd7 40. Qa1 Qc6 41. Kf2 b6 42. cxb6 Qxb6 43. Qd4 Qc6 44. Qc5 Qxa4 45. Qe7+ Kh6 46. Qf8+ Kh7 47. Qf7+ Kh6 48. Qf8+ Kh7 49. Qf7+ Kh6 50. Qf8+ 1/2-1/2

[Event "Titled Tuesday intern op 19th Sep Late"]
[Site "Chess.com INT"]
[Date "2023.09.19"]
[Round "6"]
[White "Tikhonov, Viacheslav"]
[Black "Yedidia, Jonathan"]
[Result "1-0"]
[WhiteElo "2181"]
[BlackElo "2360"]
[PlyCount "69"]
[EventDate "2023.09.19"]
[EventType "swiss (blitz)"]
[EventRounds "11"]
[EventCountry "USA"]
[SourceTitle "EXT 2024"]
[Source "ChessBase"]
[SourceDate "2023.10.10"]
[SourceVersion "1"]
[SourceVersionDate "2023.10.10"]
[SourceQuality "1"]

1. d4 d5 2. c4 c6 3. Nf3 Nf6 4. e3 Bf5 5. Bd3 Bxd3 6. Qxd3 e6 7. 0-0 Be7 8. Nc3 0-0 9. e4 dxe4 10. Nxe4 c5 11. Be3 Nbd7 12. dxc5 Qc7 13. b4 Rfd8 14. Qc2 a5 15. a3 Nxe4 16. Qxe4 Bf6 17. Rab1 axb4 18. axb4 Ra4 19. Bf4 Qc8 20. h3 h6 21. Bd6 Qa8 22. Ne5 Bxe5 23. Bxe5 f5 24. Qe2 Ra2 25. Rb2 Rxb2 26. Qxb2 Qa4 27. Bd6 Kf7 28. Ra1 Qc6 29. Re1 Nf6 30. Qe2 Ne4 31. f3 Nxd6 32. Qxe6+ Kf8 33. Qe7+ Kg8 34. Qxd8+ Kh7 35. Qxd6 1-0

[Event "Titled Tuesday intern op 19th Sep Late"]
[Site "Chess.com INT"]
[Date "2023.09.19"]
[Round "5"]
[White "Yedidia, Jonathan"]
[Black "Urbina Perez, Juan Antonio"]
[Result "1-0"]
[WhiteElo "2360"]
[BlackElo "2266"]
[PlyCount "87"]
[EventDate "2023.09.19"]
[EventType "swiss (blitz)"]
[EventRounds "11"]
[EventCountry "USA"]
[SourceTitle "EXT 2024"]
[Source "ChessBase"]
[SourceDate "2023.10.10"]
[SourceVersion "1"]
[SourceVersionDate "2023.10.10"]
[SourceQuality "1"]

1. d4 Nf6 2. c4 g6 3. Nc3 Bg7 4. Nf3 d6 5. Bg5 0-0 6. e3 b6 7. Bd3 Bb7 8. 0-0 Nbd7 9. Nd2 h6 10. Bh4 a6 11. Qc2 e5 12. d5 Nc5 13. Be2 a5 14. b3 Bc8 15. a3 Bd7 16. Rab1 Qe8 17. Kh1 Nh7 18. Rbe1 h5 19. f4 exf4 20. exf4 Bf5 21. Qc1 Qe3 22. Nb5 Nxb3 23. Nxb3 Qxb3 24. Nxc7 Rac8 25. Nb5 Rce8 26. Nxd6 Rxe2 27. Rxe2 Bd3 28. Re3 Qc2 29. Qxc2 Bxc2 30. Rc1 Ba4 31. Rb1 Bd4 32. Re4 Bc5 33. Ree1 Bxd6 34. Rxb6 Bxa3 35. Ra6 Bb4 36. Ra1 Bb3 37. c5 Bxd5 38. Be7 Re8 39. Ra7 Kg7 40. Rd1 Bc6 41. Rc7 Bb5 42. Bd6 Nf6 43. Be5 Re6 44. Rd6 1-0

[Event "Titled Tuesday intern op 12th Sep Late"]
[Site "Chess.com INT"]
[Date "2023.09.12"]
[Round "8"]
[White "Urbina Perez, Juan Antonio"]
[Black "Yedidia, Jonathan"]
[Result "1-0"]
[WhiteElo "2266"]
[BlackElo "2360"]
[PlyCount "99"]
[EventDate "2023.09.12"]
[EventType "swiss (blitz)"]
[EventRounds "11"]
[EventCountry "USA"]
[SourceTitle "EXT 2024"]
[Source "ChessBase"]
[SourceDate "2023.10.10"]
[SourceVersion "1"]
[SourceVersionDate "2023.10.10"]
[SourceQuality "1"]

1. d4 d5 2. c4 c6 3. Nf3 Nf6 4. cxd5 cxd5 5. Nc3 Nc6 6. Bf4 Bf5 7. Qb3 Na5 8. Qa4+ Bd7 9. Qc2 e6 10. e3 Rc8 11. Bd3 b5 12. a3 Be7 13. 0-0 0-0 14. Rfc1 Nc4 15. Ne5 h6 16. Qe2 Qb6 17. g4 Rfd8 18. h4 Nd6 19. g5 hxg5 20. hxg5 Nfe4 21. g6 fxg6 22. Nxg6 Bf6 23. Qh5 Nxc3 24. bxc3 Ne4 25. Kg2 Rxc3 26. Rxc3 Nxc3 27. Ne5 Be8 28. Qh7+ Kf8 29. Ng6+ Kf7 30. Rc1 b4 31. axb4 Qxb4 32. Nh8+ Ke7 33. Bg5 Kd6 34. Bxf6 gxf6 35. Qh2+ e5 36. dxe5+ fxe5 37. Qh6+ Kc5 38. Qf6 Bc6 39. Qxd8 Qb2 40. Qe7+ Kb6 41. Qd8+ Kc5 42. Rc2 d4+ 43. f3 Qb1 44. Qe7+ Kb6 45. Qd8+ Kc5 46. Qa5+ Kd6 47. exd4 Bxf3+ 48. Kxf3 Qh1+ 49. Kg4 Qg1+ 50. Kf5 1-0

[Event "Titled Tuesday intern op 12th Sep Late"]
[Site "Chess.com INT"]
[Date "2023.09.12"]
[Round "6"]
[White "Yedidia, Jonathan"]
[Black "Rangel, Daniel"]
[Result "1/2-1/2"]
[WhiteElo "2360"]
[BlackElo "2204"]
[PlyCount "148"]
[EventDate "2023.09.12"]
[EventType "swiss (blitz)"]
[EventRounds "11"]
[EventCountry "USA"]
[SourceTitle "EXT 2024"]
[Source "ChessBase"]
[SourceDate "2023.10.10"]
[SourceVersion "1"]
[SourceVersionDate "2023.10.10"]
[SourceQuality "1"]

1. d4 Nf6 2. c4 e6 3. Nc3 d5 4. Bg5 Be7 5. e3 0-0 6. Nf3 a6 7. Rc1 Nbd7 8. Bd3 dxc4 9. Bxc4 b5 10. Bd3 Bb7 11. 0-0 c5 12. a3 h6 13. Bh4 Rc8 14. e4 cxd4 15. Nxd4 Ne5 16. Bb1 Nfg4 17. Bxe7 Qxe7 18. Qe2 Rfd8 19. Rcd1 Qh4 20. h3 Nf6 21. Rfe1 Nc4 22. Nf3 Qh5 23. a4 b4 24. Rxd8+ Rxd8 25. Qxc4 bxc3 26. Qxc3 Rc8 27. Qb4 Ba8 28. Qe7 Re8 29. Qa7 g5 30. Qxa6 g4 31. hxg4 Nxg4 32. Qb5 Qxb5 33. axb5 Rb8 34. Bd3 Nf6 35. Nd2 Nd7 36. Ra1 Nc5 37. Bc4 Bxe4 38. b4 Rd8 39. bxc5 Rxd2 40. c6 Rc2 41. Ra4 Bd5 42. Bxd5 exd5 43. Rd4 Rc5 44. c7 Rxc7 45. Rxd5 Rc1+ 46. Kh2 Rc2 47. Kg3 Rb2 48. Rc5 Kg7 49. f3 Rb4 50. Kh3 Rb2 51. g4 Rb3 52. Kg3 Rb4 53. f4 Rb3+ 54. Kh4 Rb2 55. f5 Rb4 56. Kg3 Kf6 57. Rc6+ Kg5 58. b6 Rb3+ 59. Kf2 Kxg4 60. Rxh6 Kxf5 61. Rc6 Kg5 62. Rc7 f5 63. b7 Kf4 64. Ke2 Rb6 65. Kd2 Kf3 66. Re7 f4 67. Kc3 Kf2 68. Kc4 f3 69. Kc5 Rb1 70. Kc6 Kf1 71. Re5 Rxb7 72. Kxb7 f2 73. Rf5 Kg2 74. Rxf2+ Kxf2 1/2-1/2

[Event "Titled Tuesday intern op 05th Sep Late"]
[Site "Chess.com INT"]
[Date "2023.09.05"]
[Round "6"]
[White "Czerw, Dawid"]
[Black "Yedidia, Jonathan"]
[Result "1-0"]
[WhiteElo "2400"]
[BlackElo "2360"]
[PlyCount "63"]
[EventDate "2023.09.05"]
[EventType "swiss (blitz)"]
[EventRounds "11"]
[EventCountry "USA"]
[SourceTitle "EXT 2024"]
[Source "ChessBase"]
[SourceDate "2023.10.10"]
[SourceVersion "1"]
[SourceVersionDate "2023.10.10"]
[SourceQuality "1"]

1. e4 e5 2. Nf3 Nc6 3. Bb5 a6 4. Ba4 Nf6 5. d4 exd4 6. e5 Ne4 7. 0-0 Nc5 8. Bb3 Be7 9. Nxd4 Nxe5 10. Nf5 Nxb3 11. Nxg7+ Kf8 12. Bh6 Kg8 13. axb3 Bg5 14. Nf5 d5 15. Bxg5 Qxg5 16. Ne3 d4 17. f4 Qg7 18. fxe5 dxe3 19. Qd8+ Qf8 20. Qg5+ Qg7 21. Qxe3 h5 22. Nc3 h4 23. Nd5 Rh6 24. Nxc7 h3 25. g3 Rb8 26. Qa7 Qxe5 27. Qxb8 Qe3+ 28. Rf2 Rf6 29. Qxc8+ Kh7 30. Qxh3+ Kg7 31. Raf1 Qe5 32. Rxf6 1-0

[Event "Titled Tuesday intern op 05th Sep Late"]
[Site "Chess.com INT"]
[Date "2023.09.05"]
[Round "7"]
[White "Morales, Carlos1111"]
[Black "Yedidia, Jonathan"]
[Result "1-0"]
[WhiteElo "2106"]
[BlackElo "2360"]
[PlyCount "89"]
[EventDate "2023.09.05"]
[EventType "swiss (blitz)"]
[EventRounds "11"]
[EventCountry "USA"]
[SourceTitle "EXT 2024"]
[Source "ChessBase"]
[SourceDate "2023.10.10"]
[SourceVersion "1"]
[SourceVersionDate "2023.10.10"]
[SourceQuality "1"]

1. e4 e5 2. Nf3 Nc6 3. Bc4 Nf6 4. d3 h6 5. c3 d6 6. 0-0 g5 7. Re1 Bg7 8. a4 a5 9. Na3 0-0 10. Nc2 d5 11. exd5 Nxd5 12. Ne3 Nf4 13. g3 Ng6 14. Nd2 Kh7 15. Qh5 f5 16. Nf3 g4 17. Nd2 Nce7 18. f3 gxf3 19. Nxf3 Bf6 20. Ng2 f4 21. d4 exd4 22. Bxf4 Nxf4 23. Nxf4 Bf5 24. Ne6 Bxe6 25. Rxe6 Qe8 26. Bd3+ Kg7 27. Qg4+ Kh8 28. cxd4 Ra6 29. Rae1 Rxe6 30. Qxe6 Qxa4 31. Qe4 Rf7 32. Ne5 Rg7 33. Rf1 Bxe5 34. Qxe5 Ng8 35. Rf2 Qd1+ 36. Bf1 Qg4 37. Rf7 h5 38. Rxc7 h4 39. Rxb7 hxg3 40. hxg3 Qxg3+ 41. Qxg3 Rxg3+ 42. Kf2 Rg4 43. Ke3 Nf6 44. Bd3 Rg3+ 45. Kd2 1-0

[Event "Titled Tuesday intern op 05th Sep Late"]
[Site "Chess.com INT"]
[Date "2023.09.05"]
[Round "5"]
[White "Yedidia, Jonathan"]
[Black "Andrews, Todd D"]
[Result "1-0"]
[WhiteElo "2360"]
[BlackElo "2149"]
[PlyCount "71"]
[EventDate "2023.09.05"]
[EventType "swiss (blitz)"]
[EventRounds "11"]
[EventCountry "USA"]
[SourceTitle "EXT 2024"]
[Source "ChessBase"]
[SourceDate "2023.10.10"]
[SourceVersion "1"]
[SourceVersionDate "2023.10.10"]
[SourceQuality "1"]

1. d4 Nf6 2. c4 c5 3. d5 b5 4. Qc2 e6 5. e4 bxc4 6. Bxc4 exd5 7. exd5 d6 8. Nf3 Be7 9. 0-0 0-0 10. h3 Nbd7 11. Re1 Nb6 12. b3 Nbxd5 13. Bb2 Nb4 14. Qd2 d5 15. Bf1 Ne4 16. Qd1 Bf6 17. Qc1 Be6 18. Nbd2 Nxd2 19. Qxd2 Bxb2 20. Qxb2 d4 21. Rac1 Rc8 22. a3 Nd5 23. b4 Nc3 24. bxc5 Rxc5 25. Qb4 Qc8 26. Nxd4 Bd5 27. Qb2 a5 28. Re3 Ne4 29. Rxc5 Qxc5 30. Nf5 Nf6 31. Rg3 Ne8 32. Rxg7+ Kh8 33. Rxf7+ Nf6 34. Rxf6 Rg8 35. Rf7+ Rg7 36. Qxg7# 1-0

[Event "Titled Tuesday intern op 05th Sep Late"]
[Site "Chess.com INT"]
[Date "2023.09.05"]
[Round "2"]
[White "Yedidia, Jonathan"]
[Black "Kovalevsky, Stanislav"]
[Result "0-1"]
[WhiteElo "2360"]
[BlackElo "2163"]
[PlyCount "90"]
[EventDate "2023.09.05"]
[EventType "swiss (blitz)"]
[EventRounds "11"]
[EventCountry "USA"]
[SourceTitle "EXT 2024"]
[Source "ChessBase"]
[SourceDate "2023.10.10"]
[SourceVersion "1"]
[SourceVersionDate "2023.10.10"]
[SourceQuality "1"]

1. d4 d5 2. c4 c6 3. Nf3 Nf6 4. Nc3 dxc4 5. a4 Bf5 6. e3 e6 7. Bxc4 Bb4 8. 0-0 0-0 9. Qe2 a5 10. e4 Bg6 11. Bd3 Na6 12. e5 Nd5 13. Ne4 c5 14. Bxa6 Rxa6 15. Nxc5 Bxc5 16. dxc5 Qc7 17. Be3 Rc6 18. Rac1 Rc8 19. Nd4 Nxe3 20. Nb5 Qxe5 21. Qxe3 Qxe3 22. fxe3 Rxc5 23. Rxc5 Rxc5 24. Rd1 h5 25. Rd8+ Kh7 26. Rd7 Rc1+ 27. Kf2 Rc2+ 28. Kf3 Rxb2 29. Rxb7 Rb4 30. Nd6 Rxa4 31. Ra7 Ra2 32. Nxf7 Bxf7 33. Rxf7 Kg6 34. Ra7 Kf6 35. h4 Ra4 36. g3 Ra1 37. Ke4 a4 38. Ra5 g6 39. Kf4 a3 40. e4 e5+ 41. Kf3 a2 42. Kg2 Ke7 43. Ra6 Kd7 44. Ra5 Kc6 45. Ra8 Kc5 0-1